00509nam a2200109Ia 4500008004100000100003100041245019200072260002600264300001800290650001200308856007900320160712s9999 xx 000 0 und d aValenzuela, Athena Jan F.  cAthena Jan F. Valenzuela,aComparative Use of Meristic and Geomorphometric Analyses of Vegetative and Floral Characters in Studying Intraspecific Variation in Portulaca grandiflora (Hook) c2011bScience Diliman avol. 23 no. 2 xSCIENCE uhttp://journals.upd.edu.ph/index.php/sciencediliman/issue/view/311/showToc